LEADER 01744namaa2200385 i 4500 001 000000177474 003 CaOOAMICUS 005 20250107165620.0 007 tu 008 250107s2024 it 000 u ita r 020 $a978-88-00-75010-3* 040 $aPUL$bita$erda 082 0 $a180 245 10$aFilosofia antica /$cFranco Ferrari (a cura di) ; con la collaborazione di Michele Abbate ... [et al.]. 264 4$c©2024. 264 1$aFirenze :$bLe Monnier Universitą,$c[2024]$aMilano :$bMondadori Education 300 $aXIV, 396 pagine ;$c 336 $atesto$btxt$2rdacontent 337 $asenza mediazione$bn$2rdamedia 338 $avolume$bnc$2rdacarrier 500 $aHanno collaborato all?opera: Michele Abbate, Francesco Ademollo, Franco Ferrari, Francesco Fronterotta, Francesca Masi, Federico M. Petrucci. 504 $aBibliografia in nota a fine capitolo. 650 4$aFilosofia antica$xTesti.$0(OLS)http://pul/subject/23231 700 1 $aAbbate, Michele, 1970-,$ecuratore.$0(OLS)http://pul/name/114164 700 1 $aFerrari, Franco,$d1964-,$ecuratore.$0(OLS)http://pul/name/42442 850 $aPUL 852 $aPUL$W1$xSL Filosofia 3$y81$m180 FERFR 1$j201428$qDDC 21$B206448$CPULBib$Z2$F206448 $H137556 $82 941 1 $a9 996 $6020$a978-88-00-75010-3*$9(OLS)http://pul/number/170144 996 $6082$a180$9(OLS)http://pul/classification/366 996 $6245$aFilosofia antica$9(OLS)http://pul/title/112856 996 $6264$aFirenze :$bLe Monnier Universitą$9(OLS)http://pul/publisher/75203 996 $6264$aMilano :$bMondadori Education$9(OLS)http://pul/publisher/82305 996 $6264$a[S.l.] :$b[s.n.]$9(OLS)http://pul/publisher/0 LEADER 02504namaa2200421 i 4500 001 000000178343 003 CaOOAMICUS 005 20260108122755.0 008 260108s2025 it u000 u ita r 020 $a978-88-922-4921-9* 032 $aLibriCat 040 $aPUL$bita 041 0 $aita$aheb$agrc$alat 082 04$a221.4 130 0 $aBiblia.$pV.T.$pEsdra.$lEbraico e italiano.$0(OLS)http://pul/title/162066 245 10$aEsdra, Neemia : $bebraico e aramaico, greco, latino, italiano : testo ebraico e aramaico della Biblia Hebraica Stuttgartensia ; traduzione interlineare italiana di Claudio Balzaretti ; testo greco dei Settanta a cura di Rahlfs-Hanhart ; testo latino della Vulgata Clementina ; testo italiano della Nuovissima Versione della Bibbia / $c[tutto] a cura di Claudio Balzaretti. 260 $aCinisello Balsamo :$bSan Paolo,$c©2025. 300 $aXVIII, 205 pagine ;$c25 cm 336 $atesto$btxt$2rdacontent 337 $asenza mediazione$bn$2rdamedia 338 $avolume$bnc$2rdacarrier 490 1 $aBibbia ebraica interlineare ;$v23 500 $aIn testa al frontespizio titolo in caratteri ebraici. 504 $aBibliografia in nota. 546 $aTesto greco, latino e italiano nel verso, a fronte testo ebraico in rosso e nero con traduzione interlineare. 630 04$aBiblia.$pV.T.$pNehemia.$0(OLS)http://pul/subject/24301 700 1 $aBalzaretti, Claudio,$d1956-,$ecuratore.$0(OLS)http://pul/name/43143 700 1 $aHanhart, Robert,$d1925-,$etraduttore.$0(OLS)http://pul/name/1537 700 1 $aRahlfs, Alfred,$d1865-1935,$etraduttore.$0(OLS)http://pul/name/21321 830 0$aBibbia ebraica interlineare ;$v23.$0(OLS)http://pul/title/104823 850 $aPUL 852 $aPUL$W1$xSL Religione 3$y85$m221. 4 COLL 1.23$j202199$qDDC 21$B207447$CPULBib$Z2$F207447 $H138357 $82 941 1 $a9 996 $6020$a978-88-922-4921-9*$9(OLS)http://pul/number/170765 996 $6082$a221.4$9(OLS)http://pul/classification/448 996 $6245$aEsdra, Neemia : $bebraico e aramaico, greco, latino, italiano : testo ebraico e aramaico della Biblia Hebraica Stuttgartensia ; traduzione interlineare italiana di Claudio Balzaretti ; testo greco dei Settanta a cura di Rahlfs-Hanhart ; testo latino della Vulgata Clementina ; testo italiano della Nuovissima Versione della Bibbia / $9(OLS)http://pul/title/219914 996 $6260$aCinisello Balsamo :$bSan Paolo$9(OLS)http://pul/publisher/54577